000 00431cam a2200181ua 4500
020 _c1.25
041 _amal
_h
082 _a894.812
_bCSN/KA
100 _aC S , Nair .
245 _aKattilekku oru theertha yathra /
_cC S Nair.
_hTextual Documents
260 _aThrissur :
_bCurrent Books ,
_c1964.
300 _a85 ; .
365 _a1.25
504 _a
942 _cBK
999 _c6300
_d6300